Simulated patient methodology : (Record no. 391)

000 -LEADER
fixed length control field 03875nam a22004577a 4500
001 - CONTROL NUMBER
control field 18202936
003 - CONTROL NUMBER IDENTIFIER
control field OSt
005 - DATE AND TIME OF LATEST TRANSACTION
control field 20241031120222.0
008 - FIXED-LENGTH DATA ELEMENTS--GENERAL INFORMATION
fixed length control field 140616s2015 enk b 001 0 eng
010 ## - LIBRARY OF CONGRESS CONTROL NUMBER
LC control number 2014023324
020 ## - INTERNATIONAL STANDARD BOOK NUMBER
International Standard Book Number 9781118761007 (pbk.)
035 ## - SYSTEM CONTROL NUMBER
System control number (DNLM)101634864
040 ## - CATALOGING SOURCE
Original cataloging agency DNLM/DLC
Description conventions rda
Transcribing agency DLC
041 ## - LANGUAGE CODE
Language code of text/sound track or separate title eng
042 ## - AUTHENTICATION CODE
Authentication code pcc
050 00 - LIBRARY OF CONGRESS CALL NUMBER
Classification number RT51
060 10 - NATIONAL LIBRARY OF MEDICINE CALL NUMBER
Classification number W 18
080 ## - UNIVERSAL DECIMAL CLASSIFICATION NUMBER
Universal Decimal Classification number 616-08
Item number N-45
082 00 - DEWEY DECIMAL CLASSIFICATION NUMBER
Classification number 610.73
Edition number 23
100 ## - MAIN ENTRY--PERSONAL NAME
9 (RLIN) 284
Personal name Nestel, Debra
245 00 - TITLE STATEMENT
Title Simulated patient methodology :
Remainder of title theory, evidence, and practice /
Statement of responsibility, etc. edited by Debra Nestel, Margaret Bearman.
260 ## - PUBLICATION, DISTRIBUTION, ETC.
Place of publication, distribution, etc. Chichester, West Sussex ;
Name of publisher, distributor, etc. John Wiley & Sons Inc.,
Date of publication, distribution, etc. 2015.
263 ## - PROJECTED PUBLICATION DATE
Projected publication date 1501
264 #1 - PRODUCTION, PUBLICATION, DISTRIBUTION, MANUFACTURE, AND COPYRIGHT NOTICE
Place of production, publication, distribution, manufacture Hoboken, NJ :
300 ## - PHYSICAL DESCRIPTION
Extent 154 p.
Dimensions cm.
336 ## - CONTENT TYPE
Content type term text
Source rdacontent
337 ## - MEDIA TYPE
Media type term unmediated
Source rdamedia
338 ## - CARRIER TYPE
Carrier type term volume
Source rdacarrier
504 ## - BIBLIOGRAPHY, ETC. NOTE
Bibliography, etc. note Includes bibliographical references and index.
505 0# - FORMATTED CONTENTS NOTE
Formatted contents note Introduction to simulated patient methodology / Debra Nestel and Margaret Bearman -- Scope of contemporary simulated patient methodology / Debra Nestel, Tracy Morrison and Shane Pritchard -- The content and process of simulated patient-based learning activities -- Jill E. Thistlethwaite and George D. Ridgway -- Communities of practice and simulated patient methodology / Debra Nestel, Jan Joost Rethans and Gayle A. Gliva-McConvey -- Learning theories and simulated patient methodology / Debra Nestel and Margaret Bearman -- The dramatic arts and simulated patient methodology / Cathy M. Smith, Tanya L. Edlington, Richard Lawton and Debra Nestel -- Simulated interaction and authentic interaction? A place for conversation analysis? / Ged M. Murtagh -- Simulated patient methodology and the discourses of health professional education / Nancy L. McNaughton and Brian Hodges -- Preparation : developing scenarios and training for role portrayal / Debra Nestel, Carol Fleishman and Margaret Bearman -- Simulated patients as teachers : the role of feedback / Debra Nestel, Margaret Bearman and Carol Fleishman -- Teaching and learning physical examination skills with simulated patients / Anna K. Vnuk -- High stakes assessment / Cathy M. Smith, Carol C. O'Byrne and Debra Nestel -- Simulated patient program management / Tanya Tierney, Pam J. Harvey and Elaine E. Gill -- Real patient participation in simulation / Rosamund Snow -- Interprofessional community care : a simulated clinic for healthcare professional learners / Pamela J. Taylor, Mollie Burley and Debra Nestel -- Telephone incognito simulated patients / Jan Joost Rethans and Hay Derkx -- Hybrid simulated patient methodology : managing maternal deterioration / Simon Jr Cooper and Mary Anne Biro -- Clinical teaching associates / Karen M. Reynolds, Jim Parle and Shirin Irani -- Advanced nursing practice in aged care : developing communication and management skills in patients with Alzheimer's disease / Jennifer H. Fisher, Jane H. Kass-Wolff, Ernestine Kotthoff-Burrell and Jean M. Youngwerth -- Skills development in person-centred physiotherapy / Felicity C. Blackstock and Shane Pritchard -- Simulated family and healthcare professionals : consent for organ transplantation / Gayle A. Gliva-McConvey -- The future of simulated patient methodology / Margaret Bearman and Debra Nestel.
650 12 - SUBJECT ADDED ENTRY--TOPICAL TERM
Topical term or geographic name entry element Patient Simulation.
650 22 - SUBJECT ADDED ENTRY--TOPICAL TERM
Topical term or geographic name entry element Education, Medical
General subdivision methods.
650 20 - SUBJECT ADDED ENTRY--TOPICAL TERM
Topical term or geographic name entry element Patient Care
9 (RLIN) 285
653 ## - INDEX TERM--UNCONTROLLED
Uncontrolled term სიმულაციური პაციენტი
653 ## - INDEX TERM--UNCONTROLLED
Uncontrolled term პაციენტის მოვლა
700 1# - ADDED ENTRY--PERSONAL NAME
Personal name Nestel, Debra,
Relator term editor.
700 1# - ADDED ENTRY--PERSONAL NAME
Personal name Bearman, Margaret,
Relator term editor.
776 08 - ADDITIONAL PHYSICAL FORM ENTRY
Relationship information Online version:
Title Simulated patient methodology
Place, publisher, and date of publication Chichester, West Sussex ; Hoboken, NJ : John Wiley & Sons Inc., 2015
International Standard Book Number 9781118760802
Record control number (DLC) 2014025596
906 ## - LOCAL DATA ELEMENT F, LDF (RLIN)
a 7
b cbc
c orignew
d 1
e ecip
f 20
g y-gencatlg
942 ## - ADDED ENTRY ELEMENTS (KOHA)
Source of classification or shelving scheme
Koha item type Books
Holdings
Withdrawn status Lost status Source of classification or shelving scheme Damaged status Not for loan Permanent location Current location Date acquired Inventory number Total Checkouts Full call number Barcode Date last seen Price effective from Koha item type
          Ken Walker International University Ken Walker International University 11/24/2020 1041   616-08 N-45 1041 11/24/2020 11/24/2020 Books
          Ken Walker International University Ken Walker International University 11/24/2020 1040   616-08 N-45 1040 11/24/2020 11/24/2020 Books

Powered by Koha